Statistics for Armin van Buuren Discography

Click here to take the quiz!

General Stats

  • This quiz has been taken 14 times
    (3 since last reset)
  • The average score is 44 of 99

Answer Stats

TypeYearName% Correct
Album2019Balance
100%
Mix Album2000001 A State of Trance
67%
Album200376
67%
Video Album2006Armin Only - Ahoy' 2006
67%
Video Album2016Armin Only - Embrace
67%
Mix Album2008Armin Only - Imagine
67%
Video Album2008Armin Only - Imagine
67%
Mix Album2008Armin Only: Imagine - The Music
67%
Video Album2014Armin Only - Intense
67%
Mix Album2014Armin Only: Intense - The Music
67%
Video Album2010Armin Only - Mirage
67%
Mix Album2011Armin Only: Mirage – The Music
67%
Video Album2005Armin Only - The Next Level
67%
Mix Album2004A State of Trance 2004
67%
Mix Album2005A State of Trance 2005
67%
Mix Album2006A State of Trance 2006
67%
Mix Album2007A State of Trance 2007
67%
Mix Album2008A State of Trance 2008
67%
Mix Album2009A State of Trance 2009
67%
Mix Album2010A State of Trance 2010
67%
Mix Album2011A State of Trance 2011
67%
Mix Album2012A State of Trance 2012
67%
Mix Album2013A State of Trance 2013
67%
Mix Album2014A State of Trance 2014
67%
Mix Album2015A State of Trance 2015
67%
Mix Album2016A State of Trance 2016
67%
Mix Album2017A State of Trance 2017
67%
Mix Album2018A State of Trance 2018
67%
Mix Album2019A State of Trance 2019
67%
Collaborative Mix Album2011A State of Trance 500
67%
Collaborative Mix Album2012A State of Trance 550 - Invasion
67%
Collaborative Mix Album2013A State of Trance 600 - The Expedition
67%
Collaborative Mix Album2014A State of Trance 650 - New Horizons
67%
Compilation2017A State of Trance 800 (The Official Compilation)
67%
Mix Album2014A State of Trance At Ushuaïa, Ibiza 2014
67%
Mix Album2015A State of Trance At Ushuaïa, Ibiza 2015
67%
Mix Album2016A State of Trance, Ibiza 2016
67%
Mix Album2017A State of Trance, Ibiza 2017
67%
EP2018Blah Blah Blah
67%
Album2015Embrace
67%
Album2008Imagine
67%
Remix Album2009Imagine - The Remixes
67%
Album2013Intense
67%
Album2010Mirage
67%
Remix Album2011Mirage - The Remixes
67%
Album2005Shivers
67%
Mix Album2003Universal Religion Chapter 1
67%
Mix Album2004Universal Religion Chapter 2
67%
Mix Album2007Universal Religion Chapter 3
67%
Mix Album2009Universal Religion Chapter 4
67%
Mix Album2011Universal Religion Chapter 5
67%
Mix Album2012Universal Religion Chapter 6
67%
Mix Album2013Universal Religion Chapter 7
67%
Compilation200610 Years
33%
Mix Album2018A State of Trance, Ibiza 2018
33%
Mix Album2019A State of Trance, Ibiza 2019
33%
Mix Album2004A State of Trance Year Mix 2004
33%
Mix Album2005A State of Trance Year Mix 2005
33%
Mix Album2006A State of Trance Year Mix 2006
33%
Mix Album2007A State of Trance Year Mix 2007
33%
Mix Album2008A State of Trance Year Mix 2008
33%
Mix Album2009A State of Trance Year Mix 2009
33%
Mix Album2010A State of Trance Year Mix 2010
33%
Mix Album2011A State of Trance Year Mix 2011
33%
Mix Album2012A State of Trance Year Mix 2012
33%
Mix Album2013A State of Trance Year Mix 2013
33%
Mix Album2014A State of Trance Year Mix 2014
33%
Mix Album2015A State of Trance Year Mix 2015
33%
Mix Album2016A State of Trance Year Mix 2016
33%
Mix Album2017A State of Trance Year Mix 2017
33%
Mix Album2018A State of Trance Year Mix 2018
33%
Video Album2012A Year with Armin van Buuren
33%
Remix Album2020Balance (Remixes)
33%
Mix Album2004Big Room Trance
33%
Remix Album2020Lost Tapes
33%
EP2016Old Skool
33%
Remix Album2020Relaxed
33%
Video Album2009The Music Videos 1997–2009
33%
EP2019Trilogy
33%
Mix Album2001002 Basic Instinct
0%
Mix Album2001003 In Motion
0%
Mix Album2002004 Transparence
0%
Mix Album2008Armada Lounge: The Best Downtempo Songs, Vol. 1
0%
Mix Album2009Armada Lounge, Vol. 2
0%
Mix Album2010Armada Lounge, Vol. 3
0%
Mix Album2011Armada Lounge, Vol. 4
0%
Mix Album2012Armada Lounge, Vol. 5
0%
Collaborative Mix Album2013Armada Lounge, Vol. 6
0%
Mix Album2014Armada Lounge, Vol. 7
0%
Compilaton2014Armin Anthems – Ultimate Singles Collected
0%
Mix Album1999Artist Profile Series 4: Boundaries of Imagination
0%
Remix Album2016Club Embrace
0%
Remix Album2013Intense - The More Intense Edition
0%
Mix Album2007Limited Edition
0%
Mix Album2008Live at the Gallery, Ministry of Sound
0%
Mix Album2009Raveline Mix Sessions 014
0%
Compilation2017The Best of Armin Only
0%
Mix Album2000TranceMatch
0%
Mix Album1999United
0%

Score Distribution

Percentile by Number Answered

Percent of People with Each Score

Your Score History

You have not taken this quiz since the last reset